000 00329nam a22001097a 4500
999 _c7740
_d7740
008 190314b ||||| |||| 00| 0 eng d
082 _a336.5498 T97t 2018
245 _a25 years ;
_bRoyal Securities exchange of Bhutan.
260 _aThimphu ;
_bRoyal Securities Exchange of Bhutan,
_c2018.
300 _a187 p.
_c26 cm.
942 _2ddc